Colors that begin with the letter E - Statistics

General Stats
  • This quiz has been taken 391 times
  • The average score is 2 of 5
Answer Stats
Hint Answer % Correct
Eggplant
79%
Emerald
63%
Ecru
52%
Eggshell
40%
Espresso
4%
No matching quizzes found
Score Distribution
Percent of People with Each Score
Percentile by Number Answered
Your Score History
You have not taken this quiz